000 00811nam a2200181Ia 4500
008 100920s9999 xx 000 0 und d
082 _b64660
_a37 थ 85
100 _aभागवत रा. शं.
245 _aकापडावरील रासाय्निीक प्रक्रिया.
260 _bमहाराष्ट्र राज्य साहित्य संस्क्रती मंडळ.
_c1985
300 _a114
_b---
365 _b18
520 _aुउदयोजक विभाग.
630 _aकापडावरील रासाय्निीक प्रक्रिया.
650 _aुउदयोजक विभाग.
730 _aकापडावरील रासाय्निीक प्रक्रिया.
942 _cBOOK
999 _c707655
_d707652